Introducción a la estadística para las Ciencias Sociales
Enregistré dans:
| Auteurs principaux: | , |
|---|---|
| Format: | Livre |
| Langue: | espagnol |
| Publié: |
Madrid
McGraw-Hill
1997
|
| Sujets: | |
| Tags: |
Ajouter un tag
Pas de tags, Soyez le premier à ajouter un tag!
|
MARC
| LEADER | 00000nam a2200000 a 4500 | ||
|---|---|---|---|
| 001 | UCN7411 | ||
| 003 | CL-VaPUC | ||
| 008 | 011018e19970000SP |||||||||||||||||spa|d | ||
| 082 | 0 | 4 | |a 519.5 |b PEÑ |2 21 |
| 100 | 0 | |a Peña, Daniel |e author |9 463409 | |
| 700 | 0 | |a Romo, Juan |e author |9 463410 | |
| 245 | 1 | 0 | |a Introducción a la estadística para las Ciencias Sociales |
| 300 | |a 428 p | ||
| 942 | |c BK | ||
| 945 | |d 20011018 00:00:00 |a cmena | ||
| 260 | |a Madrid |b McGraw-Hill |c 1997 | ||
| 500 | |a Incluye diskette | ||
| 650 | 0 | |a Estadística matemática |9 260028 | |
| 650 | 0 | |a Estadística aplicada |9 270522 | |
| 650 | 0 | |a Ciencias sociales |9 256351 | |
| 583 | |a last modification |c 20180328 10:14:28 |k Rodrigo Vera | ||
| 999 | |c 297774 |d 297772 | ||
| 952 | |0 0 |1 0 |4 0 |6 519_500000000000000_PEÑ_1997 |7 0 |8 A |9 352747 |a BIBGIM |b BIBGIM |d 2019-11-21 |i 3754995 |o 519.5 PEÑ 1997 |p 3754995 |r 2025-01-15 |w 2019-11-21 |y BK |k EST | ||
| 952 | |0 0 |1 0 |4 0 |6 519_500000000000000_PEÑ_1997 |7 0 |8 A |9 352748 |a BIBGIM |b BIBGIM |d 2019-11-21 |i 3784797 |o 519.5 PEÑ 1997 |p 3784797 |r 2025-01-15 |w 2019-11-21 |y BK |k EST | ||